000
00283nam a2200097Ia 4500
001
695373
005
20250826161951.0
008
250824s9999 xx 000 0 und d
245
0
_a
MONTE KRİSTO KONTU (ANTİK DÜNYA KLASİKLERİ)
_c
ALEXANDRE DUMAS
260
_b
ANTİK DÜNYA KLASİKLERİ
999
_c
695373
_d
695373